000 00480nam a2200133Ia 4500
008 220216s9999 xx 000 0 und d
100 _aBhattacharya B
245 0 _aEffect of blend composition and dynamic crosslinking on the rheological and physical properties of thermoplastic polypropylene - polybutadiene rubber blend
260 _bProceedings of the International Rubber Conference, USSR
700 _aDe S K
700 _aGupta B R
700 _aKuriakose B
942 _cJS
999 _c57708
_d57708